De cómo la paz es la auténtica guerra

Guardat en:
Dades bibliogràfiques
Format: Text
Matèries:
Etiquetes: Afegir etiqueta
Sense etiquetes, Sigues el primer a etiquetar aquest registre!

MARC

LEADER 00000 a a2200000 04500
001 18249
003
040
245 |a De cómo la paz es la auténtica guerra  
500 |a De: El imposible.net  
650 |a GUERRA  
650 |a PAZ  
773 |g número 95; páginas 153-155  
999 |c 29708  |d 29708